[Event "9th Amplico Life Rapid"]
[Site "Warsaw POL"]
[Date "2009.12.19"]
[Round "6"]
[White "Sakalauskas,V"]
[Black "Rosenkilde,A"]
[Result "1-0"]
[WhiteElo "2418"]
[BlackElo "2201"]
[EventDate "2009.12.19"]

1. d4 Nf6 2. c4 e6 3. Nc3 Bb4 4. Qc2 d5 5. cxd5 Qxd5 6. e3 c5 7. Bd2 Qf5 8.
Qxf5 exf5 9. dxc5 O-O 10. Ne4 Nd5 11. a3 fxe4 12. axb4 Nc6 13. Ra4 Ne5 14.
b5 f5 15. f4 exf3 16. Nxf3 Re8 17. Nxe5 Rxe5 18. Kf2 Bd7 19. Rd4 Nf6 20.
Bc4+ Kh8 21. b4 Rae8 22. Rd1 Ne4+ 23. Kg1 Be6 24. Bxe6 R5xe6 25. Be1 Kg8
26. Rd7 R6e7 27. c6 bxc6 28. bxc6 Kf7 29. b5 Ke6 30. Bb4 Rxd7 31. Rxd7 Rb8
32. c7 Rc8 33. Rxg7 Nd6 34. Bxd6 Kxd6 35. Rxh7 Kc5 36. Rf7 Kxb5 37. Rxf5+
Kc4 38. Ra5 Rxc7 39. g4 Kd3 40. Ra3+ Ke2 41. Kg2 Rf7 42. g5 Rf2+ 43. Kg3
Rf3+ 44. Kg4 Rf1 45. h4 Rg1+ 46. Kh5 Kf3 47. Rxa7 Kxe3 48. Rf7 Ke4 49. g6
Ke5 50. Kh6 Ke6 51. h5 Rg2 52. Rf1 Rg3 1-0

[Event "9th Amplico Life Rapid"]
[Site "Warsaw POL"]
[Date "2009.12.19"]
[Round "6"]
[White "Nedilko,V"]
[Black "Narmontas,R"]
[Result "1-0"]
[WhiteElo "2400"]
[BlackElo "2119"]
[EventDate "2009.12.19"]

1. d4 d6 2. g3 g6 3. Bg2 Bg7 4. Nf3 Nd7 5. c4 e5 6. Nc3 h6 7. O-O Ngf6 8.
e4 O-O 9. h3 Kh7 10. Be3 Re8 11. Qc2 a6 12. Rad1 Qe7 13. d5 Nc5 14. b4 Ncd7
15. Nd2 Rf8 16. Nb3 Nh5 17. c5 f5 18. exf5 gxf5 19. Rfe1 Kh8 20. Kh2 Qf7
21. f4 Qg6 22. Ne2 Rg8 23. Rg1 Nhf6 24. g4 e4 25. gxf5 Qh5 26. Bf1 Nf8 27.
Bd4 Bxf5 28. Ng3 Qg6 29. Be2 Bd7 30. c6 bxc6 31. dxc6 Bc8 32. f5 Qg5 33.
Nh5 Qxh5 34. Bxh5 Nxh5 1-0

[Event "9th Amplico Life Rapid"]
[Site "Warsaw POL"]
[Date "2009.12.19"]
[Round "7"]
[White "Zubov,A UKR"]
[Black "Krasenkow,M"]
[Result "1/2-1/2"]
[WhiteElo "2581"]
[BlackElo "2656"]
[EventDate "2009.12.19"]

1. d4 Nf6 2. c4 g6 3. Nc3 d5 4. e3 Bg7 5. Qb3 e6 6. Qa3 a5 7. Bd2 c6 8. Nf3
dxc4 9. Qa4 b5 10. Qc2 a4 11. a3 O-O 12. e4 Nbd7 13. Bf4 Qe7 14. Be2 Ba6
15. O-O c5 16. d5 e5 17. Bg5 h6 18. Bh4 Qd6 19. Nd2 Nh7 20. f3 h5 21. Bf2
Bh6 22. Rfe1 f6 23. Nd1 Ng5 24. Ne3 Nf7 25. h4 Qe7 26. Bf1 Nd6 27. g4 hxg4
28. fxg4 Bf4 29. Bh3 Kg7 30. Ng2 g5 31. Nxf4 exf4 32. hxg5 fxg5 33. e5 Nxe5
34. Qc3 Rae8 35. Nf3 Ndf7 36. Rxe5 Nxe5 37. Re1 Qd6 38. Nxe5 Kg8 39. Bg2
Bb7 40. Nc6 Rxe1+ 41. Bxe1 Re8 42. Qd2 Qd7 43. Bf3 Re3 44. Kg2 Qh7 45. Bf2
Rxf3 46. Kxf3 Bc8 47. Kg2 Bxg4 48. Qe1 Qh3+ 49. Kg1 Bf3 50. Qe8+ Kh7 51.
Qf7+ Kh6 52. Qf6+ Kh7 53. Qf7+ Kh6 54. Qf6+ 1/2-1/2

[Event "9th Amplico Life Rapid"]
[Site "Warsaw POL"]
[Date "2009.12.19"]
[Round "7"]
[White "Shirov,A"]
[Black "Urban,K"]
[Result "1/2-1/2"]
[WhiteElo "2719"]
[BlackElo "2478"]
[EventDate "2009.12.19"]

1. e4 c6 2. d4 d5 3. e5 c5 4. dxc5 Nc6 5. Bb5 e6 6. Be3 Nge7 7. c3 Nf5 8.
Bd4 Bd7 9. Bxc6 Bxc6 10. Nf3 Nxd4 11. Qxd4 Qc7 12. b4 b6 13. cxb6 axb6 14.
O-O Be7 15. a3 O-O 16. Ra2 Rfc8 17. Re1 Be8 18. Rd2 f6 19. Qg4 Bf7 20. h4
h6 21. Nd4 f5 22. Qf4 Qd8 23. g3 g5 24. Qe3 Kg7 25. hxg5 hxg5 26. f4 g4 27.
Rh2 Qc7 28. Qd3 Kg6 29. Nxf5 exf5 30. e6 Bg8 31. Re5 Rf8 32. Rh8 Kg7 33.
Rxg8+ Kxg8 34. Rxf5 Qc4 35. Rxf8+ Bxf8 36. Qg6+ Bg7 37. Qf7+ Kh8 38. Qh5+
Kg8 39. Qf7+ Kh8 1/2-1/2

[Event "9th Amplico Life Rapid"]
[Site "Warsaw POL"]
[Date "2009.12.19"]
[Round "7"]
[White "Socko,B"]
[Black "Maiorov,N1"]
[Result "1/2-1/2"]
[WhiteElo "2643"]
[BlackElo "2511"]
[EventDate "2009.12.19"]

1. e4 e5 2. Nf3 Nc6 3. Bb5 a6 4. Bxc6 dxc6 5. O-O Qf6 6. d4 exd4 7. Bg5 Qd6
8. Nxd4 Be7 9. Bxe7 Nxe7 10. Nc3 Bd7 11. Nb3 Qxd1 12. Raxd1 b6 13. Rd2
O-O-O 14. Rfd1 c5 15. Nd5 Ng6 16. f3 Rhe8 17. Ne3 Ne5 18. Kf2 Nc6 19. g4 a5
20. Nc1 f6 21. Ne2 Ne7 22. Nf4 Nc6 23. c3 g6 24. Nfd5 Rf8 25. h4 Be6 26. a3
Kb7 27. f4 a4 28. f5 Bc8 29. Nf4 Rxd2+ 30. Rxd2 Ne5 31. Kg3 c6 32. Nd3 Nf7
33. Nf4 Rg8 34. fxg6 hxg6 35. h5 g5 36. Ng6 Re8 37. Kf3 Kc7 38. Nf5 Bxf5
39. gxf5 Nh6 40. Rd1 Nf7 41. Rd2 b5 42. Rh2 Nh6 43. Rd2 Nf7 44. Rd1 Nh6 45.
Rd3 Nf7 46. Rd2 Nh6 47. Re2 Kd6 48. Rd2+ Kc7 49. Rd1 Nf7 50. Rd3 Nh6 51.
Rd2 Nf7 52. Re2 Kd6 53. Ke3 Kc7 54. Rg2 Kd6 55. Rd2+ Kc7 56. Kf3 Nh6 57.
Rd1 Nf7 58. Rd2 Nh6 59. Rd1 1/2-1/2

[Event "9th Amplico Life Rapid"]
[Site "Warsaw POL"]
[Date "2009.12.19"]
[Round "7"]
[White "Zherebukh,Y"]
[Black "Rozentalis,E"]
[Result "1/2-1/2"]
[WhiteElo "2527"]
[BlackElo "2611"]
[EventDate "2009.12.19"]

1. e4 e6 2. d4 d5 3. Nc3 dxe4 4. Nxe4 Bd7 5. Nf3 Bc6 6. Bd3 Nd7 7. O-O Be7
8. c4 Bxe4 9. Bxe4 c6 10. Qe2 Ngf6 11. Bc2 O-O 12. Bd2 Qc7 13. Rfe1 Rfe8
14. Rad1 Rad8 15. Bc3 Bf8 16. h3 a6 17. b3 g6 1/2-1/2

[Event "9th Amplico Life Rapid"]
[Site "Warsaw POL"]
[Date "2009.12.19"]
[Round "7"]
[White "Hracek,Z"]
[Black "Stupak,K"]
[Result "0-1"]
[WhiteElo "2624"]
[BlackElo "2456"]
[EventDate "2009.12.19"]

1. d4 e6 2. c4 Bb4+ 3. Bd2 a5 4. Nf3 d6 5. g3 Nc6 6. Bg2 e5 7. d5 Nb8 8.
O-O Bxd2 9. Qxd2 Nd7 10. Nc3 Ngf6 11. Nh4 Qe7 12. Nf5 Qf8 13. Nb5 Kd8 14.
f4 e4 15. Ne3 Nc5 16. b3 Qe7 17. Nd4 g6 18. a3 Ke8 19. b4 Na6 20. Qc3 h5
21. f5 Qe5 22. fxg6 fxg6 23. Rxf6 Qxf6 24. Rf1 Qe5 25. Rf4 Qg7 26. Rxe4+
Kf8 27. h4 axb4 28. axb4 Bd7 29. Qd2 Re8 30. Ne6+ Bxe6 31. dxe6 Kg8 32. Rf4
Qe5 33. Kh2 Nxb4 34. Qxb4 Qxe3 35. Qxb7 Rh7 36. Re4 Qc5 37. Qb2 Rhe7 38.
Bh3 Rf8 39. Bg2 Kh7 40. Bf3 Qf2+ 41. Kh3 Rxf3 42. exf3 Qxb2 0-1

[Event "9th Amplico Life Rapid"]
[Site "Warsaw POL"]
[Date "2009.12.19"]
[Round "7"]
[White "Szczepkowska Horowska,K"]
[Black "Llaneza Vega,M"]
[Result "1-0"]
[WhiteElo "2324"]
[BlackElo "2514"]
[EventDate "2009.12.19"]

1. e4 c5 2. Nf3 e6 3. d3 Nc6 4. Nbd2 g6 5. g3 Bg7 6. Bg2 Nge7 7. O-O b6 8.
Re1 d5 9. e5 Qc7 10. Qe2 Ba6 11. c3 h6 12. Nf1 g5 13. Ne3 O-O-O 14. Ng4 Ng6
15. h3 h5 16. Nf6 Ngxe5 17. Bxg5 Nxd3 18. Red1 c4 19. b3 Nc5 20. b4 Nd7 21.
Nxd7 Rxd7 22. Rac1 Bb5 23. Qc2 Ba6 24. a4 Bb7 25. Qe2 f6 26. Be3 e5 27. Nh4
Ne7 28. b5 Qd8 29. a5 Bh6 30. axb6 Bxe3 31. Qxe3 Qxb6 32. Qe2 Kb8 33. Bf3
e4 34. Bxe4 Nc8 35. Bg2 Re7 36. Qf3 Rd8 37. Qxh5 Re5 38. Qh6 Re2 39. Qf4+
Ka8 40. Nf5 Ne7 41. Nxe7 Rxe7 42. Rd4 Qxb5 43. Qxf6 Rde8 44. Rcd1 Re5 45.
Qf7 Rd8 46. Qc7 Qe8 47. Kh2 Rd7 48. Qa5 Qf7 49. Rf4 Qe7 50. Ra1 a6 51. Qb6
Re6 52. Rf8+ Qxf8 53. Qxe6 Qg7 54. Qe8+ Ka7 55. Qe3+ d4 56. Qe6 dxc3 57.
Bxb7 Rxb7 58. Rxa6+ Kb8 59. Qe8+ 1-0

[Event "9th Amplico Life Rapid"]
[Site "Warsaw POL"]
[Date "2009.12.19"]
[Round "7"]
[White "Rudnicki,M"]
[Black "Rajlich,I"]
[Result "1/2-1/2"]
[WhiteElo "2221"]
[BlackElo "2457"]
[EventDate "2009.12.19"]

1. e4 e6 2. d4 d5 3. Nc3 Bb4 4. Nge2 Nf6 5. Bg5 dxe4 6. a3 Be7 7. Bxf6 gxf6
8. Nxe4 f5 9. N4c3 Bf6 10. g3 Nc6 11. d5 Ne7 12. dxe6 Bxe6 13. Bg2 c6 14.
Qxd8+ Rxd8 15. Rd1 Ng6 16. f4 Rxd1+ 17. Nxd1 Nf8 18. c3 Nd7 19. Ne3 Nc5 20.
Kd2 Ke7 21. Nc1 h5 22. Re1 Kd7 23. Bh3 Ne4+ 24. Kc2 Nd6 25. Nd3 h4 26. g4
fxg4 27. Nxg4 Bxg4 28. Bxg4+ Kc7 29. Ne5 Re8 30. Re2 a5 31. Kd3 c5 32. Bh5
b5 33. Bxf7 c4+ 34. Kd2 Rd8 35. Bg6 Ne4+ 36. Kc2 Nc5 37. Ng4 Bh8 38. f5 Nd3
39. f6 Nf4 40. Re7+ Rd7 41. Rxd7+ Kxd7 42. Bf5+ Kd6 43. a4 bxa4 44. Ne3
Bxf6 45. Nxc4+ Kc5 46. Ne3 h3 47. Ng4 Bh4 48. Bd7 Kd5 49. Bxa4 Ke4 50. Bc6+
Kf5 51. Ne3+ Ke5 52. Ng4+ Kf5 53. Bd7+ Ke4 54. Bc6+ Kf5 55. Ne3+ 1/2-1/2

[Event "9th Amplico Life Rapid"]
[Site "Warsaw POL"]
[Date "2009.12.19"]
[Round "7"]
[White "Bieluszewski,P"]
[Black "Muzychuk,M"]
[Result "0-1"]
[WhiteElo "2164"]
[BlackElo "2447"]
[EventDate "2009.12.19"]

1. e4 c5 2. Nf3 Nc6 3. d4 cxd4 4. Nxd4 Nf6 5. Nc3 e5 6. Ndb5 d6 7. Bg5 a6
8. Bxf6 gxf6 9. Na3 b5 10. Nd5 Bg7 11. c3 f5 12. Bd3 Ne7 13. Ne3 f4 14. Nf5
Nxf5 15. exf5 d5 16. g4 e4 17. Be2 O-O 18. Nc2 Bb7 19. Nd4 Qh4 20. Bf1 e3
21. Qf3 Rfe8 22. Be2 b4 23. O-O bxc3 24. bxc3 Rac8 25. Rab1 Rxc3 26. f6
Bxf6 27. Nf5 exf2+ 28. Qxf2 Qxf2+ 29. Rxf2 Bc8 30. Rd1 Bxf5 31. gxf5 Rc2
32. Bxa6 Rxf2 33. Kxf2 Ra8 34. Be2 d4 35. Bc4 Ra5 36. Rb1 Rc5 37. Bd3 Bh4+
38. Kf3 Rc3 39. Rd1 Ra3 40. Rd2 Be1 41. Rd1 Bb4 42. f6 Kf8 43. Rb1 Rxd3+
44. Kxf4 Bd6+ 45. Ke4 Re3+ 46. Kd5 Re6 47. a4 d3 48. a5 Bxh2 49. Rb2 Bf4
50. a6 d2 51. Rb1 Rxa6 52. Ke4 Rxf6 0-1

[Event "9th Amplico Life Rapid"]
[Site "Warsaw POL"]
[Date "2009.12.19"]
[Round "7"]
[White "Castaldo,F"]
[Black "Wandzik,W"]
[Result "0-1"]
[WhiteElo "2401"]
[BlackElo "2092"]
[EventDate "2009.12.19"]

1. e4 d5 2. exd5 Qxd5 3. Nc3 Qa5 4. g3 Nf6 5. Bg2 c6 6. Nge2 Bf5 7. b4 Qd8
8. O-O e6 9. b5 Be7 10. Rb1 O-O 11. d3 Qd7 12. Bd2 Rc8 13. a4 Nd5 14. Ne4
cxb5 15. axb5 a6 16. bxa6 Nxa6 17. Nf4 Rab8 18. Nxd5 exd5 19. Nc3 Nb4 20.
Rb2 Be6 21. Qb1 d4 22. Ne4 Nd5 23. Rb5 f5 24. Nd6 Qxd6 25. Bxd5 Bxd5 26.
Bb4 Qd7 27. Bxe7 Re8 28. Qb4 Bc6 29. Re5 Kh8 30. Rfe1 f4 31. Re6 Qd5 32.
R1e4 Qh5 33. Rxc6 bxc6 34. Qxd4 Rb1+ 0-1

[Event "9th Amplico Life Rapid"]
[Site "Warsaw POL"]
[Date "2009.12.19"]
[Round "7"]
[White "Gasik,An"]
[Black "Gajewski,G"]
[Result "0-1"]
[WhiteElo "2189"]
[BlackElo "2561"]
[EventDate "2009.12.19"]

1. e4 c5 2. Nc3 a6 3. g3 b5 4. Bg2 Bb7 5. Nge2 Nf6 6. d4 cxd4 7. Nxd4 e5 8.
Nf5 b4 9. Nd5 Nxd5 10. exd5 g6 11. Nh6 d6 12. Qf3 f5 13. Nxf5 gxf5 14. Qxf5
Qd7 15. Qe4 Bg7 16. Qxb4 O-O 17. O-O a5 18. Qh4 Na6 19. c3 Bf6 20. Qh6 Qg7
21. Qh5 Qg6 22. Qe2 Nc5 23. Be3 Nd3 24. Bb6 Ba6 25. Rfd1 Nf4 26. Qe4 Nh3+
27. Kh1 Qxe4 28. Bxe4 Rab8 29. Be3 Rxb2 30. Kg2 Nxf2 31. Bc1 Nxd1+ 0-1

[Event "9th Amplico Life Rapid"]
[Site "Warsaw POL"]
[Date "2009.12.19"]
[Round "7"]
[White "Brendel,O"]
[Black "Azarov,S"]
[Result "0-1"]
[WhiteElo "2386"]
[BlackElo "2622"]
[EventDate "2009.12.19"]

1. e4 e5 2. Nf3 Nc6 3. Bb5 a6 4. Ba4 Nf6 5. d4 exd4 6. O-O Be7 7. Re1 O-O
8. e5 Nd5 9. Nxd4 Nb6 10. Bb3 Nxd4 11. Qxd4 d5 12. exd6 Bxd6 13. Bf4 Bxf4
14. Qxf4 Be6 15. Nc3 Bxb3 16. axb3 Qd7 17. Rad1 Rfe8 18. Rxe8+ Rxe8 19. h3
Qc6 20. Rd3 Nd7 21. Re3 Rxe3 22. Qxe3 Nf6 23. Qd4 h6 24. b4 Qe8 25. Kf1 c6
26. Qd6 Qc8 27. g4 h5 28. f3 h4 29. Kf2 Qa8 30. Na4 a5 31. bxa5 Qxa5 32. b3
Nd5 33. Ke2 Qa8 34. Qe5 f6 35. Qe6+ Kh8 36. Kd2 Qb8 37. Kc1 Qf4+ 38. Kb1
Kh7 39. Qe8 Qe5 40. Qf7 b5 0-1

[Event "9th Amplico Life Rapid"]
[Site "Warsaw POL"]
[Date "2009.12.19"]
[Round "7"]
[White "Yemelin,V"]
[Black "Kanarek,M"]
[Result "1-0"]
[WhiteElo "2584"]
[BlackElo "2405"]
[EventDate "2009.12.19"]

1. e4 c5 2. Ne2 d6 3. g3 g6 4. Bg2 Bg7 5. c3 e5 6. d4 exd4 7. cxd4 Nd7 8.
Nbc3 Ne7 9. O-O O-O 10. Bf4 cxd4 11. Nxd4 Ne5 12. Ndb5 Bg4 13. Qxd6 Qxd6
14. Nxd6 Rfd8 15. Nxb7 Rdb8 16. h3 Rxb7 17. hxg4 Rxb2 18. g5 Nd3 19. e5 Rc8
20. Nd5 Nxd5 21. Bxd5 Rc5 22. Bb3 Nxe5 23. Kg2 a5 24. Rad1 Rc8 25. Bxe5
Bxe5 26. Rd7 Rf8 27. Re1 a4 28. Bxa4 Rxa2 29. Bb3 Ra5 30. f4 Rb5 31. Rb1
Rfb8 32. Bxf7+ Kf8 33. Rxb5 Rxb5 34. fxe5 Rxe5 35. Bc4 Rc5 36. Be6 Re5 37.
Bb3 Rb5 38. Bd5 Ke8 39. Bc6 Rc5 40. Ba4 Kf8 41. Rxh7 Rxg5 42. Bd1 Kg8 43.
Rd7 Kf8 44. Bf3 Kg8 45. Rd5 1-0

[Event "9th Amplico Life Rapid"]
[Site "Warsaw POL"]
[Date "2009.12.19"]
[Round "7"]
[White "Eggink,R"]
[Black "Kuzmicz,K"]
[Result "0-1"]
[WhiteElo "1902"]
[BlackElo "2417"]
[EventDate "2009.12.19"]

1. e4 c5 2. Nf3 g6 3. d4 Bg7 4. dxc5 Qa5+ 5. c3 Qxc5 6. Be3 Qc7 7. Bd3 Nc6
8. O-O Nf6 9. Nd4 O-O 10. Nd2 d5 11. f3 Rd8 12. Qc2 dxe4 13. Nxe4 Nd5 14.
Nxc6 Nxe3 15. Qe2 Rxd3 16. Qxd3 Nxf1 17. Nb4 Qxh2+ 0-1

[Event "9th Amplico Life Rapid"]
[Site "Warsaw POL"]
[Date "2009.12.19"]
[Round "7"]
[White "Markowski,T"]
[Black "Leniart,A"]
[Result "1-0"]
[WhiteElo "2629"]
[BlackElo "2439"]
[EventDate "2009.12.19"]

1. Nf3 Nf6 2. c4 e6 3. g3 d5 4. Bg2 Nbd7 5. b3 Be7 6. Bb2 O-O 7. O-O Re8 8.
Qc2 Bf8 9. d3 c6 10. Nbd2 e5 11. e3 b6 12. a3 a5 13. Bc3 Bb7 14. b4 a4 15.
Bb2 b5 16. Rac1 Rc8 17. Qb1 Bd6 18. Rfd1 Qe7 19. Re1 Bb8 20. Qa1 Rcd8 21.
cxd5 cxd5 22. Rc2 Rc8 23. Rec1 Rxc2 24. Rxc2 Rc8 25. Rxc8+ Bxc8 26. Bf1 Ne8
27. Qc1 Bb7 28. Bh3 f6 29. Bg2 Nd6 30. Nb1 Ba7 31. Nfd2 Qd8 32. Qd1 g6 33.
Qg4 f5 34. Qe2 e4 35. dxe4 dxe4 36. g4 Qg5 37. gxf5 gxf5 38. Nf1 Nc4 39.
Nbd2 Nxb2 40. Qxb5 Bc8 41. Nxe4 Qe7 42. Qd5+ Kg7 43. Nd6 Nf6 44. Qd2 Be6
45. Ng3 Qd7 46. Qxb2 Qxd6 47. Nh5+ 1-0

[Event "9th Amplico Life Rapid"]
[Site "Warsaw POL"]
[Date "2009.12.19"]
[Round "7"]
[White "Swiercz,D"]
[Black "Terzic,S"]
[Result "1/2-1/2"]
[WhiteElo "2493"]
[BlackElo "2255"]
[EventDate "2009.12.19"]

1. e4 c5 2. Nf3 d6 3. d4 cxd4 4. Nxd4 Nf6 5. Nc3 e6 6. Be2 Be7 7. O-O O-O
8. f4 Qc7 9. Be3 a6 10. a4 Nc6 11. Bd3 Nxd4 12. Bxd4 e5 13. Be3 exf4 14.
Rxf4 Be6 15. Kh1 Nd7 16. Nd5 Bxd5 17. exd5 Ne5 18. Bd4 g6 19. Qe1 f5 20.
Qg3 Kh8 21. Raf1 Bf6 22. h4 Qg7 23. Qh3 Nxd3 24. Qxd3 Bxd4 25. Qxd4 Qxd4
26. Rxd4 Rac8 27. c3 Rfe8 28. Rb4 Rc7 29. Rff4 Re5 30. Rfd4 Kg7 31. Rb6 Rd7
32. Rdb4 Ree7 33. Kh2 Kf6 34. Kg3 Ke5 35. Rd4 h6 36. Kf3 g5 37. hxg5 hxg5
38. g3 Rh7 39. Rd2 Rh3 40. Kg2 Rdh7 41. Re2+ Kxd5 42. Rd2+ Ke4 43. Re2+ Kd3
44. Re6 d5 45. Re5 g4 46. Rxd5+ Ke4 47. Rd4+ Ke5 48. Rbd6 Rh2+ 49. Kf1
1/2-1/2

[Event "9th Amplico Life Rapid"]
[Site "Warsaw POL"]
[Date "2009.12.19"]
[Round "7"]
[White "Heberla,B"]
[Black "Czerwonski,A"]
[Result "1-0"]
[WhiteElo "2515"]
[BlackElo "2385"]
[EventDate "2009.12.19"]

1. c4 e5 2. g3 g6 3. Bg2 Bg7 4. Nc3 Ne7 5. Nf3 c5 6. a3 Nbc6 7. b4 d6 8.
bxc5 dxc5 9. Rb1 O-O 10. O-O b6 11. d3 h6 12. Bd2 Bg4 13. Ne1 Qd7 14. Nc2
Bh3 15. Ne3 Bxg2 16. Kxg2 Nd4 17. Ned5 Nec6 18. Bxh6 f5 19. Bxg7 Kxg7 20.
e3 Ne6 21. f4 Rh8 22. Qf3 Raf8 23. h4 exf4 24. exf4 Ned4 25. Qf2 Re8 26.
Rbe1 Kf7 27. Rxe8 Rxe8 28. Re1 Re6 29. Kh3 Rxe1 30. Qxe1 Nc2 31. Qd1 N6d4
32. Nb5 Qe6 33. Nxd4 Nxd4 34. h5 Qe2 35. Qxe2 Nxe2 36. hxg6+ Kxg6 37. Ne7+
Kf6 38. Nc8 Nc1 39. Nxa7 Nxd3 40. Nc8 b5 41. cxb5 c4 42. Nb6 Nb2 43. Nd5+
Ke6 44. b6 1-0

[Event "9th Amplico Life Rapid"]
[Site "Warsaw POL"]
[Date "2009.12.19"]
[Round "7"]
[White "Vysochin,S"]
[Black "Maier,C"]
[Result "1/2-1/2"]
[WhiteElo "2555"]
[BlackElo "2350"]
[EventDate "2009.12.19"]

1. e4 e6 2. d4 d5 3. Nd2 Nf6 4. e5 Nfd7 5. c3 c5 6. Bd3 Nc6 7. Ne2 cxd4 8.
cxd4 Nb6 9. O-O Bd7 10. Nf3 Be7 11. Nf4 g6 12. g3 Rc8 13. a3 Na5 14. b3 a6
15. Bd2 Nc6 16. h4 Na7 17. h5 Rg8 18. hxg6 hxg6 19. Kg2 Bb5 20. Rh1 Bxd3
21. Nxd3 Nb5 22. Ba5 Nc3 23. Qd2 Ne4 24. Qf4 g5 25. Qg4 Rc6 26. Rh7 Rf8 27.
Qh5 Qc8 28. Bb4 Qd8 29. Rc1 Rxc1 30. Nxc1 Bxb4 31. axb4 Qc7 32. Nxg5 Nxg5
33. Qxg5 Qc2 34. Rh4 Nc8 35. Qe3 Ne7 36. Rh1 Nc6 37. Ne2 Kd7 38. Rc1 Qh7
39. Rh1 Qc2 40. Nf4 Kc8 41. Rc1 Qh7 42. Qd3 Qxd3 43. Nxd3 Kb8 44. Nc5 Rc8
45. g4 Ka7 46. Rh1 b6 47. Nd3 Nxd4 48. Rh7 Rc7 49. g5 Kb7 50. f3 Nxb3 51.
Kg3 a5 52. bxa5 bxa5 53. Rh2 Rc3 54. Nf4 Nd4 55. Rh7 Rc7 56. Rh2 Ka6 57.
Rd2 Rc4 58. Nd3 a4 59. Nb2 Rb4 60. Nd3 Nf5+ 61. Kf2 Rc4 62. Ra2 Kb5 63.
Rb2+ Kc6 64. Rb8 Rc2+ 65. Ke1 Kd7 66. Ra8 Rc3 67. Kd2 Ra3 68. Rxa4 Rxa4 69.
Nc5+ Kc6 70. Nxa4 Kb5 71. Nb2 Ne7 72. Ke3 Kc5 73. Na4+ Kc4 74. Nb6+ Kc3 75.
Na4+ Kb4 76. Nb6 Nf5+ 77. Kd3 Ne7 78. Nd7 Ng6 79. Kd4 Nh4 80. f4 Nf5+ 81.
Kd3 Nh4 82. Kd4 Nf5+ 83. Kd3 Nh4 84. Kd4 Nf5+ 85. Kd3 Nh4 86. Nf8 Kc5 87.
Nd7+ Kb4 88. Kd4 Nf5+ 89. Kd3 Nh4 1/2-1/2

[Event "9th Amplico Life Rapid"]
[Site "Warsaw POL"]
[Date "2009.12.19"]
[Round "7"]
[White "Chojnacki,S"]
[Black "Malisauskas,V"]
[Result "0-1"]
[WhiteElo "2273"]
[BlackElo "2483"]
[EventDate "2009.12.19"]

1. d4 Nf6 2. Bf4 g6 3. e3 Bg7 4. Nf3 O-O 5. Bc4 d5 6. Bd3 c5 7. c3 cxd4 8.
exd4 Nc6 9. h3 Bf5 10. O-O Kh8 11. Re1 a6 12. Qc2 Bxd3 13. Qxd3 e6 14. Nbd2
h6 15. Bh2 Rc8 16. Ne5 Nxe5 17. Bxe5 Qb6 18. Rab1 Qc6 19. Qe3 Kh7 20. a3
Ne8 21. Bxg7 Nxg7 22. Nf3 f6 23. Qd3 Qc4 24. Qc2 Rfe8 25. Nh4 Nf5 26. Nxf5
exf5 27. Qd2 h5 28. Re3 Kg7 29. Rbe1 Rxe3 30. Qxe3 Rc7 31. Qe8 Qc6 32. Re7+
Rxe7 33. Qxe7+ Kg8 34. h4 f4 35. Qc5 Qd7 36. c4 dxc4 37. Qxc4+ Kg7 38. d5
Qd6 39. Qe4 Qe5 40. f3 Kf7 41. Kf1 Qxe4 42. fxe4 Ke7 43. Ke2 Kd6 44. Kd3
Ke5 45. Kc4 g5 46. Kc5 g4 47. d6 Ke6 0-1

[Event "9th Amplico Life Rapid"]
[Site "Warsaw POL"]
[Date "2009.12.19"]
[Round "7"]
[White "Gritsak,O"]
[Black "Schmidt,Wl"]
[Result "1/2-1/2"]
[WhiteElo "2521"]
[BlackElo "2395"]
[EventDate "2009.12.19"]

1. Nf3 Nf6 2. c4 g6 3. g3 Bg7 4. Bg2 d5 5. cxd5 Nxd5 6. Nc3 c5 7. d4 Nxc3
8. bxc3 Nc6 9. O-O cxd4 10. cxd4 Nxd4 11. Nxd4 Qxd4 12. Rb1 O-O 13. Be3
Qxd1 14. Rfxd1 a5 15. Bxb7 Rb8 16. Bxc8 Rxb1 17. Rxb1 Rxc8 18. Rb7 h5 19.
Ra7 Rc2 20. Rxa5 Rxe2 21. Ra8+ Kh7 22. Ra7 Kg8 23. Ra8+ Kh7 24. Ra7 Kg8 25.
a4 Ra2 26. a5 Bc3 27. a6 e5 28. Rc7 Bd4 29. Bxd4 exd4 30. a7 Kg7 31. Kg2
Ra3 32. Kf1 Ra2 33. Kg2 Ra3 34. f4 Kf6 35. Kf2 Ke6 36. Ke2 f6 37. Kd2 Kf5
38. Rg7 Ke4 39. Re7+ Kf5 40. Rg7 Ke4 41. Re7+ 1/2-1/2

[Event "9th Amplico Life Rapid"]
[Site "Warsaw POL"]
[Date "2009.12.19"]
[Round "7"]
[White "Peterson,Er"]
[Black "Slaby,Je"]
[Result "1-0"]
[WhiteElo "2242"]
[BlackElo "2470"]
[EventDate "2009.12.19"]

1. e4 c5 2. d4 cxd4 3. c3 d3 4. Bxd3 Nc6 5. Nf3 d6 6. O-O g6 7. Qb3 Bg7 8.
Ng5 e6 9. Bf4 a6 10. Rd1 Ne5 11. Be2 Ne7 12. Nd2 O-O 13. Ndf3 N7c6 14. Nxe5
Nxe5 15. Nf3 Qc7 16. a4 b6 17. Qb4 Rd8 18. Nxe5 Bxe5 19. Bxe5 dxe5 20.
Rxd8+ Qxd8 21. Rd1 Qc7 22. Qd6 Qc5 23. Qxc5 bxc5 24. Rd8+ Kg7 25. a5 Kf6
26. f3 Ke7 27. Rh8 h5 28. h4 Kd7 29. Rf8 Ke7 30. Rh8 Kd7 31. Kf2 Rb8 32.
Rf8 Ke7 33. Rh8 Kd7 34. Rf8 f5 35. Rg8 Rxb2 36. Rxg6 f4 37. Kf1 Kd6 38. Rh6
Ra2 39. Rxh5 Rxa5 40. Rh8 Ra1+ 41. Kf2 Bd7 42. h5 a5 43. h6 Rh1 44. Ra8 a4
45. Ra6+ Ke7 46. Ra7 Kd6 47. Ra6+ Kc7 48. Ra7+ Kc8 49. Ba6+ Kd8 50. Ra8+
Ke7 51. Ra7 Kd6 52. h7 Rxh7 53. Bb5 a3 54. Bc4 Rh1 55. Rxa3 Rc1 56. Ra6+
Ke7 57. Ra7 Rxc3 58. Bb5 Rc2+ 59. Ke1 Rc3 60. Kf2 1-0

[Event "9th Amplico Life Rapid"]
[Site "Warsaw POL"]
[Date "2009.12.19"]
[Round "7"]
[White "Janaszak,Daw"]
[Black "Jakubowski,K"]
[Result "1/2-1/2"]
[WhiteElo "2310"]
[BlackElo "2502"]
[EventDate "2009.12.19"]

1. Nf3 c5 2. c4 Nc6 3. d4 cxd4 4. Nxd4 Nf6 5. Nc3 e6 6. g3 Qb6 7. Nc2 Ne5
8. e4 Nfg4 9. Ne3 Nxe3 10. Bxe3 Qxb2 11. Rc1 Bb4 12. Bd2 Bxc3 13. Rxc3 Qxa2
14. f4 Nc6 15. Bg2 b6 16. O-O Bb7 17. Be3 Qa5 18. Rd3 Rd8 19. e5 g6 20. f5
gxf5 21. Bg5 Qc5+ 22. Kh1 Nxe5 23. Bxb7 Nxd3 24. Qxd3 Rb8 25. Bg2 Rg8 26.
Bf4 Rc8 27. Rd1 Rc7 28. Bxc7 Qxc7 29. Qd4 Rg4 30. Qh8+ Ke7 31. Qxh7 Qxc4
32. Qh6 Qe2 33. Qc1 Rc4 34. Qa3+ Rc5 35. Bf3 Qf2 36. Qd3 d5 37. Rf1 Qc2 38.
Qe3 Qc3 39. Qg5+ Qf6 40. Qg8 a5 41. Qb8 Qb2 42. Bh5 Qb5 43. Re1 Qb4 44.
Qb7+ Kd6 45. Rf1 Qb5 46. Re1 Rc7 47. Qb8 Qb4 48. Re2 Qb3 49. Kg2 Kc6 50.
Qe8+ Kb7 51. Bxf7 Rc2 52. Qxe6 Rxe2+ 53. Qxe2 Kc6 54. Qe6+ Kc5 55. Qxf5 a4
56. Qf2+ Kd6 57. Qf4+ Kc5 58. Qc7+ Kd4 59. Qf4+ Kc5 60. Qc7+ Kd4 61. Qf4+
Kc5 62. Qc7+ Kd4 63. Qf4+ Kc5 64. h4 1/2-1/2

[Event "9th Amplico Life Rapid"]
[Site "Warsaw POL"]
[Date "2009.12.19"]
[Round "7"]
[White "Likavsky,T"]
[Black "Fridman,D2"]
[Result "0-1"]
[WhiteElo "2476"]
[BlackElo "2649"]
[EventDate "2009.12.19"]

1. d4 d5 2. c4 e6 3. Nf3 Nf6 4. g3 dxc4 5. Qa4+ c6 6. Qxc4 b5 7. Qc2 Bb7 8.
Bg2 Nbd7 9. Nc3 a6 10. Ne4 Nxe4 11. Qxe4 Qb6 12. O-O Be7 13. Bg5 c5 14. Qh4
Bxg5 15. Qxg5 O-O 16. Qe7 Rad8 17. dxc5 Nxc5 18. Rac1 Ne4 19. Ng5 Nxg5 20.
Qxb7 Nh3+ 21. Kh1 Nxf2+ 0-1

[Event "9th Amplico Life Rapid"]
[Site "Warsaw POL"]
[Date "2009.12.19"]
[Round "7"]
[White "Tomczak,J"]
[Black "Dragun,K"]
[Result "1-0"]
[WhiteElo "2500"]
[BlackElo "2284"]
[EventDate "2009.12.19"]

1. e4 c5 2. Nf3 Nc6 3. d4 cxd4 4. Nxd4 Nf6 5. Nc3 d6 6. Bc4 Qb6 7. Nxc6
bxc6 8. O-O g6 9. Qe1 Qc7 10. h3 Bg7 11. Be3 O-O 12. f4 Nxe4 13. Nxe4 d5
14. Bd3 dxe4 15. Bxe4 Bxb2 16. Rb1 Bg7 17. Qb4 Be6 18. c4 Rab8 19. Qc5 Qd6
20. Rbc1 Rfd8 21. Qxd6 Rxd6 22. Bxa7 Ra8 23. Bc5 Bd4+ 24. Bxd4 Rxd4 25.
Bxc6 Rxa2 26. c5 Ra5 27. Bb7 Rc4 28. Rxc4 Bxc4 29. Rc1 Rxc5 30. Ba6 Bxa6
31. Rxc5 Bd3 32. Kf2 h5 33. Rc7 e6 34. g4 hxg4 35. hxg4 g5 36. Ke3 Bb1 37.
fxg5 Kg7 38. Rc1 Bh7 39. Rf1 Bg6 40. Rf6 Bc2 41. Kf4 Bd3 42. Ke5 Be2 43. g6
fxg6 44. g5 Bc4 45. Rf4 Bd5 46. Ra4 Kf7 47. Ra7+ Kg8 48. Rc7 Ba2 49. Rb7
Bd5 50. Rd7 Bb3 51. Rc7 Ba2 52. Kf6 Bb1 53. Kxe6 Bf5+ 54. Kf6 Bd3 55. Rc8+
Kh7 56. Kf7 Be4 57. Rc3 Bd5+ 58. Kf8 Be6 59. Rg3 Bf5 60. Rg2 1-0